000 00528 a2200205 4500
001 109728
020 _a9788574063577
041 _apor
082 _aAP Year 2 709
100 _aSellier, Marie.
697 _aLiteratura infantojuvenil.
697 _aImpressionismo.
697 _aArte.
856 _u000003/000003a1.jpg
040 _aBR-BrIDEA
_cBR-BrIDEA
090 _aAP Year 2 709
_bSEL
245 1 0 _aImpressionismo
_bvisita guiada
_c Marie Sellier
260 _a[S.l.]
_bCompanhia das Letrinhas
_c2009
942 _cBK
999 _c109728
_d109728